Statistics for Lönd 197 til 205

Click here to take the quiz!

General Stats

  • This quiz has been taken 3 times
  • The average score is 2 of 9

Answer Stats

stöðuíbúafjöldiland% Correct
Viðurkennd af 71% allra þjóða (139 af 196)4 550 400Palestína
100%
Afríkuríki, viðurkennd af 46 þjóðum586 000Vestur-Sahara
100%
Frjáls tengsl við Holland107 400Arúba
0%
Frjáls tengsl við Nýja Sjáland19 100Cooks-eyjar
0%
Frjáls tengsl við Holland154 800Curaçao
0%
Frjáls tengsl við Danmörku49 200Færeyjar
0%
Frjáls tengsl við Danmörku55 800Grænland
0%
Frjáls tengsl við Nýja Sjáland1 500Niue
0%
Frjáls tengsl við Holland38 200Sint Maarten
0%

Score Distribution

Percentile by Number Answered

Percent of People with Each Score

Your Score History

You have not taken this quiz